000 00361nam a22001337a 4500
020 _a9780071125123
040 _cNust
082 _a621.3
_bLIS'E
100 _aEugene C. Lister
_9126524
245 _a Electric circuit and machines
260 _aNew York:
_bMcMillan /McGraw -Hill,
_c1993.
650 _aElectric circuit and machines
_9126525
942 _2ddc
_cBK
999 _c612191
_d612191